The UX book : (Record no. 169363)
[ view plain ]
| 000 -LEADER | |
|---|---|
| fixed length control field | 01125nam a2200313 a 4500 |
| 003 - CONTROL NUMBER IDENTIFIER | |
| control field | OSt |
| 005 - DATE AND TIME OF LATEST TRANSACTION | |
| control field | 20240122120924.0 |
| 008 - FIXED-LENGTH DATA ELEMENTS--GENERAL INFORMATION | |
| fixed length control field | |
| 020 ## - INTERNATIONAL STANDARD BOOK NUMBER | |
| International Standard Book Number | 9780128053423 (paperback) |
| 040 ## - CATALOGING SOURCE | |
| Original cataloging agency | NUST |
| Transcribing agency | NUST |
| Language of cataloging | Eng |
| Modifying agency | NUST |
| Description conventions | rda |
| 049 ## - LOCAL HOLDINGS (OCLC) | |
| Holding library | MAIN |
| 050 ## - LIBRARY OF CONGRESS CALL NUMBER | |
| Classification number | QA76.9.U83 HAR |
| 090 ## - LOCALLY ASSIGNED LC-TYPE CALL NUMBER (OCLC); LOCAL CALL NUMBER (RLIN) | |
| Classification number (OCLC) (R) ; Classification number, CALL (RLIN) (NR) | QA76.9.U83 |
| Local cutter number (OCLC) ; Book number/undivided call number, CALL (RLIN) | HAR |
| 100 1# - MAIN ENTRY--PERSONAL NAME | |
| Personal name | Hartson, Rex., |
| -- | author. |
| 245 10 - TITLE STATEMENT | |
| Title | The UX book : |
| Remainder of title | agile UX design for a quality user experience/ |
| Statement of responsibility, etc. | Rex Hartson & Pardha Pyla. |
| 250 ## - EDITION STATEMENT | |
| Edition statement | Second edition. |
| 260 ## - PUBLICATION, DISTRIBUTION, ETC. | |
| Place of publication, distribution, etc. | Cambridge, MA : |
| Name of publisher, distributor, etc. | Morgan Kaufmann, |
| Date of publication, distribution, etc. | ©2019. |
| 300 ## - PHYSICAL DESCRIPTION | |
| Extent | xxvii, 888 pages : |
| Other physical details | colour illustrations ; |
| Dimensions | 24 cm. |
| 336 ## - CONTENT TYPE | |
| Content type term | text |
| Content type code | txt |
| Source | rdacontent |
| 337 ## - MEDIA TYPE | |
| Media type term | unmediated |
| Media type code | n |
| Source | rdamedia |
| 338 ## - CARRIER TYPE | |
| Carrier type term | volume |
| Carrier type code | nc |
| Source | rdacarrier |
| 500 ## - GENERAL NOTE | |
| General note | Includes index. |
| 504 ## - BIBLIOGRAPHY, ETC. NOTE | |
| Bibliography, etc. note | Includes bibliographical references. |
| 650 #1 - SUBJECT ADDED ENTRY--TOPICAL TERM | |
| Topical term or geographic name entry element | User interfaces (Computer systems). |
| 650 ## - SUBJECT ADDED ENTRY--TOPICAL TERM | |
| Topical term or geographic name entry element | Human-computer interaction. |
| 650 ## - SUBJECT ADDED ENTRY--TOPICAL TERM | |
| Topical term or geographic name entry element | User interfaces (Computer systems) |
| General subdivision | Design. |
| 700 ## - ADDED ENTRY--PERSONAL NAME | |
| Personal name | Pyla, Pardha., |
| -- | author. |
| 942 ## - ADDED ENTRY ELEMENTS (KOHA) | |
| Koha item type | Ordinary Loan Books |
| Call number prefix | QA76.9.U83 |
| Call number suffix | HAR |
| Source of classification or shelving scheme | Library of Congress Classification |
| Edition | Second Edition |
| Classification part | QA76.9.U83 HAR |
| Suppress in OPAC | No |
| Date last seen | Total Checkouts | Full call number | Barcode | Cost, replacement price | Price effective from | Koha item type | Public note | Lost status | Source of classification or shelving scheme | Damaged status | Not for loan | Collection | Withdrawn status | Home library | Current library | Shelving location | Date acquired | Source of acquisition | Cost, normal purchase price | Serial Enumeration / chronology | Accession number |
|---|---|---|---|---|---|---|---|---|---|---|---|---|---|---|---|---|---|---|---|---|---|
| 01/23/2023 | QA76.9.U83 HAR | 92004048996 | 80.00 | 01/23/2023 | BOOKS | Donation | LCC | NFIC | MAIN | MAIN | GEN | 01/23/2023 | Book Aid International | 80.00 | |||||||
| 01/22/2024 | QA76.9.U83 HAR | 92004052978 | 80.00 | 02/02/2023 | BOOKS | Donation | LCC | NFIC | MAIN | MAIN | GEN | 05/10/2023 | Book Aid International | 80.00 | 80.00 | 59994 | |||||
| 01/22/2024 | QA76.9.U83 HAR | 92004053008 | 80.00 | 01/22/2024 | BOOKS | Donation | LCC | NFIC | MAIN | MAIN | GEN | 05/10/2023 | Book Aid International | 80.00 | 80.00 | 59993 |